000 00644 a2200253 4500
020 _a0-07-462054-1
041 _aEng
082 _a541.383
_bC361i
100 _aChandra, A. K.
_98021
245 _aIntroductory quantum chemistry
250 _a4th ed.
260 _aNew Delhi
_bTata McGraw-Hill Publishing
_c1994
300 _axiii, 389p.
_billus.
518 _a2011/01/03
650 _aQuantum theory
_97652
650 _aChemistry
650 _aWave mechanics
_97867
650 _aWaves
_9296
650 _aElectrons
650 _aAtoms
650 _aChemical compounds
_97848
653 _aPhysical chemistry
942 _2ddc
_cGEN
999 _c50059
_d50055